| 000 | 00507nam a22001697a 4500 | ||
|---|---|---|---|
| 999 |
_c526832 _d526832 |
||
| 003 | NUST | ||
| 038 | _awaseem | ||
| 082 |
_a338.954 _bMIR |
||
| 100 |
_aMirza Ikhtiyar Baig _917823 |
||
| 245 |
_aPakistan ko dar paish mashi challenges / _cMirza Ikhtiyar Baig |
||
| 260 |
_aKarachi : _bBaig Group, _c2014. |
||
| 300 | _a398 p. ; | ||
| 500 | _aHardcover. | ||
| 880 |
_6100-01\r _aمرزا اختیار بیگ |
||
| 880 |
_6245-02\r _aپاکستان کو درپیش معاشی چیلنجز / |
||
| 942 |
_2ddc _cBK |
||